00230nam a2200085Ia 4500001000800000005001700008008004100025245005200066260002600118102422720250826231250.0250824s9999 xx 000 0 und d 0aCAN VE BADEM İZ PEŞİNDE cNİCK PİERCE bHEP KİTAP YAYINLARI